Vista normal
Vista MARC
Entrada Personal Name
Número de registros utilizados en: 1
001 - CONTROL NUMBER
- control field: 60457
003 - CONTROL NUMBER IDENTIFIER
- control field: OSt
005 - DATE AND TIME OF LATEST TRANSACTION
- control field: 20250620164924.0
008 - FIXED-LENGTH DATA ELEMENTS
- fixed length control field: 250620|| aca||aabn | a|a d
040 ## - CATALOGING SOURCE
- Original cataloging agency: OSt
- Transcribing agency: OSt
100 ## - HEADING--PERSONAL NAME
- Personal name: Larriba, Jesús
670 ## - SOURCE DATA FOUND
- Source citation: Work cat.: (OSt)57367: Lobe, Mira, 1913-1995 autora 60454, El fantasma de palacio